Vista normal
Vista MARC
Entrada Nombre de reunión
Número de registros utilizados en: 1
001 - NÚMERO DE CONTROL
- Campo de control: 39146
003 - IDENTIFICADOR DE NÚMERO DE CONTROL
- Campo de control: ES-MaCES
005 - FECHA Y HORA DE LA ULTIMA MODIFICACION
- Campo de control: 20180612131608.0
008 - ELEMENTOS DE DATOS DE LONGITUD FIJA
- Campo de longitud fija: 981123 | azznnaabn |n ana d
035 ## - NÚMERO DE CONTROL DEL SISTEMA
- Número de control del sistema: CES19980003407c
040 ## - FUENTE DE LA CATALOGACIÓN
- Agencia original de catalogación: ES-MaCES
- Idioma de catalogación: spa
- Agencia de transcripción: ES-MaCES
111 2# - ENCABEZAMIENTO--NOMBRE DE REUNIÓN
- Nombre de reunión o jurisdicción como elemento de entrada: Reunión Anual de Presidentes y Secretarios Generales de los Consejos Económicos y Sociales e Instituciones Similares de los Estados Miembros y del Comité Económico y Social Europeo
- Fecha de reunión: 2006
- Lugar de la reunión: Lisboa
670 ## - FUENTE DE DATOS ENCONTRADOS
- Fuente de citación: CD del CES
901 ## - CES. DATOS SIRTEX
- ID Sirtex (N5N8): 0002400000340
- 005BIS Sirtex: 199811232153MIG

